Gyógyszer- és élelmiszer-biotechnológia
Elmentve itt :
| Szerzők: | |
|---|---|
| Dokumentumtípus: | Könyv |
| Kulcsszavak: | biotechnológia gyógyszerészet élelmiszer |
| Tárgyszavak: | |
| Online Access: | http://eta.bibl.u-szeged.hu/1308 |
| LEADER | 01053nnm a2200277 i 4500 | ||
|---|---|---|---|
| 001 | eta1308 | ||
| 005 | 20190109125337.0 | ||
| 008 | 181203suuuu hu o 0|| hun d | ||
| 040 | |a SZTE Elektronikus Tananyag Archívum |b hun | ||
| 041 | |a hun | ||
| 100 | 1 | |a Pócsi István | |
| 245 | 1 | 0 | |a Gyógyszer- és élelmiszer-biotechnológia |h [elektronikus dokumentum] / |c Pócsi István |
| 516 | |a Book | ||
| 650 | 4 | |a Műszaki és technológiai tudományok | |
| 650 | 4 | |a Egyéb műszaki tudományok és technológiák | |
| 650 | 4 | |a Élelmiszer és italfélék | |
| 650 | 4 | |a Élelmiszer és italfeldolgozás | |
| 650 | 4 | |a Élelmiszer-biotechnológia | |
| 695 | |a biotechnológia | ||
| 695 | |a gyógyszerészet | ||
| 695 | |a élelmiszer | ||
| 700 | 0 | 1 | |a Pusztahelyi Tünde |e aut |
| 700 | 0 | 1 | |a Emri Tamás |e aut |
| 700 | 0 | 1 | |a Leiter Éva |e aut |
| 856 | 4 | 0 | |u https://eta.bibl.u-szeged.hu/1308/1/gyogyszer_es_elelmiszer_biotechnologia.zip |z Dokumentum-elérés |
| 856 | 4 | 0 | |u https://eta.bibl.u-szeged.hu/1308/2/gyogyszer_es_elelmiszer_biotechnologia.epub |z Dokumentum-elérés |